|
|
|
|
| LEADER |
00000nab a2200000 a 4500 |
| 001 |
vtls000657896 |
| 003 |
SK-MaSNL |
| 005 |
20260304100505.0 |
| 008 |
250425c1998 xo 0 slo |
| 015 |
|
|
|a SNBRB1998/04-08771
|
| 035 |
|
|
|a CLN000010088
|
| 035 |
|
|
|a urn:nbn:sk:snk-ab34fe
|
| 035 |
|
|
|a (urnnbn)urn:nbn:sk:snk:ar-a05uyj
|
| 035 |
|
|
|a (uuid)30cbdc84-6926-4cc6-83dc-1f6d23a212a7
|
| 040 |
|
|
|a SNKBUCL
|b slo
|c SNKBUCL
|e AACR2
|
| 041 |
0 |
|
|a slo
|
| 044 |
|
|
|a xo
|c SK
|
| 080 |
|
|
|a 61-051
|2 1997
|
| 080 |
|
|
|a 618
|2 1997
|
| 080 |
|
|
|a 929 Zvarík, Emil
|2 1997
|
| 100 |
1 |
|
|a Valent, Michal,
|d 1929-2020
|4 aut
|9 224017
|
| 245 |
1 |
0 |
|a Primár MUDr. Emil Zvarík, CSc. (1925-1967)
|c Michal Valent
|
| 300 |
|
|
|b Fotogr.
|
| 600 |
1 |
7 |
|a Zvarík, Emil,
|d 1925-1967
|2 snkbucl
|9 82487
|
| 655 |
|
7 |
|a články z novín a časopisov
|2 snkbucl
|9 267496
|
| 773 |
0 |
|
|t Praktická gynekológia
|g Roč. 5, č. 1 (1998), s. 36
|
| 850 |
|
|
|a Slovenská národná knižnica
|
| 852 |
|
|
|a Slovenská národná knižnica
|
| 954 |
|
|
|a odborná, vedecká literatúra pôvodná (slovenská)
|2 lita
|
| 958 |
|
|
|a article27
|
| 958 |
|
|
|a SK
|
| 958 |
|
|
|a BX
|
| 958 |
|
|
|a OND
|
| 958 |
|
|
|a EUIPO
|
| 999 |
|
|
|c 2838157
|d 2840087
|